000 00377nam a22001337a 4500
008 160303b xxu||||| |||| 00| 0 eng d
050 _aBS2615.4.R362
100 _aReilly, John
_922748
245 _aPraying John
_cJohn Reilly
260 _aAustralia
_bSt. Pauls
_c1998
300 _a247p. ;
_c22cm.
650 _aBible. N.T.
_xJohn
_xMeditations
_922749
942 _2lcc
_cMONOGRAPH
999 _c124314
_d124314